000 00354 a2200169 4500
001 184485
020 _a85-16-01473-8
040 _cMagnum
100 _aBandeira, Pedro
240 1 0 _aO medo e a ternura
_lpor
245 1 0 _aO medo e a ternura
300 _a88
362 0 _a1996
440 1 _aModerna
697 _aLITERATURA JUVENIL
942 _cBK
999 _c184485
_d184485